South Eastern Kenya University

Library Online Public Access Catalogue


People in crisis : (Record no. 4772)

MARC details
000 -LEADER
fixed length control field 00595cam a2200169 a 4500
020 ## - ISBN
International Standard Book Number 0787900842 (acidfree paper)
050 00 - LIBRARY OF CONGRESS CALL NUMBER
Classification Number RC 480.6
Item Number .H64 1995
100 1# - MAIN ENTRY--Author
Personal name Hoff, Lee Ann.
245 10 - TITLE
Title People in crisis :
Remainder of title understanding and helping /
Statement of responsibility, etc Lee Ann Hoff.
250 ## - EDITIONSTATEMENT
Edition statement 4th ed.
260 ## - PUBLICATION, DISTRIBUTION, ETC.(IMPRINT)
Place of publication, distribution, etc San Francisco :
Name of publisher, distributor, etc Jossey-Bass,
Date of publication, distribution, etc c1995.
300 ## - PHYSICAL DESCRIPTION
Extent 477 p. ;
856 4# - URL/ELECTRONIC LOCATION AND ACCESS
Uniform Resource Identifier <a href="http://www.loc.gov/catdir/toc/onix07/94046309.html">http://www.loc.gov/catdir/toc/onix07/94046309.html</a>
856 42 - URL/ELECTRONIC LOCATION AND ACCESS
Uniform Resource Identifier <a href="http://www.loc.gov/catdir/enhancements/fy0608/94046309-d.html">http://www.loc.gov/catdir/enhancements/fy0608/94046309-d.html</a>
856 42 - URL/ELECTRONIC LOCATION AND ACCESS
Uniform Resource Identifier <a href="http://www.loc.gov/catdir/enhancements/fy0609/94046309-b.html">http://www.loc.gov/catdir/enhancements/fy0609/94046309-b.html</a>
942 ## - ADDED ENTRY ELEMENTS(KOHA)
Source of classification or shelving scheme Library of Congress Classification
Koha item type General circulation
Holdings
Source of classification or shelving scheme Not for loan Location (home branch) Sublocation (holding branch) Shelving location Date accessioned Full call number Barcode Koha item type Public note
Library of Congress Classification   Main Campus Library Main Campus Library   01/07/2015 RC 480.6 .H64 1995 2015/001396 General circulation smo
Kitui, Kenya.
+254736116989
library@seku.ac.ke